000 00555nam a2200205Ia 4500
003 OSt
005 20220928133303.0
006 a|||||r|||| 00| 0
007 ta
008 220927b |||||||| |||| 00| 0 eng d
024 _a43154
037 _cReference Collections
040 _aSDCL
_cSDCL
_beng
041 _2eng
_aeng
082 _ak1,N76, L6.1-.2 RR
245 0 _aHISTORY AND culturel.
260 _aLondon
_bMitchell Beazlley
_c1976
942 _hk1,N76, L6.1-.2 RR
_cREF
_2CC
999 _c798965
_d798965